| 000 | 00672nam a2200253 c 4500 | ||
|---|---|---|---|
| 999 |
_c7351 _d7351 |
||
| 001 | a6851657 | ||
| 003 | OSt | ||
| 005 | 20210525121042.0 | ||
| 008 | 210427s2021 sp | |||| 000 0 cat | ||
| 020 | _a9788417804824 | ||
| 040 |
_aCDMR _bcat _cCDMR _erda |
||
| 100 | 1 |
_aSoler, Toni _eautor _4aut |
|
| 245 | 1 | _aEl llibre blanc del Polònia | |
| 264 | 1 |
_bAra Llibres _c2021 |
|
| 300 | _a237 pàgines | ||
| 336 |
_aText _2rdacontent |
||
| 337 |
_asense mediació _2rdamedia |
||
| 338 |
_avolum _2rdacarrier |
||
| 700 | 1 |
_aLucas, Manel, autor _eautor _4aut |
|
| 700 | 1 |
_aNovell Clausells, Francesc, autor _eautor _4aut |
|
| 901 | _a"ISBN" | ||
| 942 |
_2udc _cMON |
||
| 956 | _a2 | ||